| Tag |
First Indicator |
Second Indicator |
Subfields |
| LEADER |
00000cam a2200000 i 4500 |
| 001 |
in00000024175 |
| 005 |
20151007061038.0 |
| 008 |
800325s1952 enkaf 00000 eng |
| 010 |
|
|
|a 52002911
|
| 035 |
|
|
|a (OCoLC)06124555
|
| 035 |
|
|
|9 AAD0925AM
|
| 040 |
|
|
|a DLC
|c TXU
|d TXA
|d UtOrBLW
|
| 049 |
|
|
|a TXAM
|c [209450]
|
| 050 |
|
0 |
|a ND653.B65
|b F713
|
| 082 |
0 |
|
|a [759.9492]
|a 927.5
|
| 092 |
|
|
|a 759.9492
|b B742f
|
| 100 |
1 |
|
|a Fraenger, Wilhelm,
|d 1890-1964.
|
| 245 |
1 |
4 |
|a The Millennium of Hieronymus Bosch ;
|b outlines of a new interpretation /
|c Translated by Eithne Wilkins and Ernst Kaiser.
|
| 264 |
|
1 |
|a London :
|b Faber and Faber,
|c 1952.
|
| 300 |
|
|
|a xiii, 164 pages :
|b illustrations, 27 plates (part color) ;
|c 28 cm.
|
| 336 |
|
|
|a text
|b txt
|2 rdacontent
|
| 337 |
|
|
|a unmediated
|b n
|2 rdamedia
|
| 338 |
|
|
|a volume
|b nc
|2 rdacarrier
|
| 600 |
1 |
0 |
|a Bosch, Hieronymus,
|d -1516.
|
| 999 |
|
|
|a MARS
|
| 999 |
f |
f |
|s 99b00db6-2d4d-3f7e-b4aa-5f57961c97a9
|i fae8c073-2137-31c2-b8fa-88fd0b3010f7
|t 0
|
| 952 |
f |
f |
|p ric
|a Texas A&M University
|b Rellis Campus
|c Joint Library Facility
|d Remote Storage
|t 0
|e ND653.B65 F713
|h Library of Congress classification
|i unmediated -- volume
|m A14801158900
|
| 998 |
f |
f |
|a ND653.B65 F713
|t 0
|l Remote Storage
|